00390nam a2200145Ia 4500003000400000005001700004008004100021040000900062082001900071100001600090245006900106250001200175260004800187300000900235OSt20200123121938.0190216s9999||||xx |||||||||||||| ||und|| coclc a658.421bPRA/E aPrabhu, B R 0aEntrepreneurial Development And Project Management /cB R Prabhu a2nd ed. bSree Sakthi Publications,c1998.aPayyanur: a345p